Soccer General Knowledge - Statistics

General Stats
  • This quiz has been taken 912 times
  • The average score is 9 of 15
Answer Stats
Hint Answer % Correct
Jose Bosingwa has won how many Champions League trophies 2
94%
For which club team did Pele spend most of his career with Santos
93%
Real Madrid have won how many European Cups (Champions League) 10
84%
Who was Arsenal's top scorer in the season in which they remained unbeaten throughout the league campain Thierry Henry
72%
From which team did Zinedine Zidane leave to join Real Madrid Juventus
69%
Which former player managed the Argentina National Team at the 2010 World Cup Diego Maradona
68%
In which year did Manchester United win the infamous treble 1999
66%
Jose Mourinho won his second Champions League with which team Inter Milan
66%
Which player is Benfica's all time top goal scorer (638) Eusebio
64%
Brazil won their first World Cup in what year 1958
63%
Which team won the inaugural World Cup Uruguay
62%
Which player has made the most appearances for Portugal Luis Figo
52%
In which country was the 1962 World Cup held Chile
30%
Who was Chelsea's all time top scorer before Frank Lampard passed him in 2013 Bobby Tambling
8%
Which Egyptian player holds the record for most international caps ever (184) Ahmed Hassan
7%
No matching quizzes found
Score Distribution
Percent of People with Each Score
Percentile by Number Answered
Your Score History
You have not taken this quiz